[Event "7eme Open de Saint-Chely d'Aubrac"]
[Site "Saint-Chely d'Aubrac (12)"]
[Date "2007.07.20"]
[Round "8.6"]
[White "Chamba, Antoine"]
[Black "Huin, Eric"]
[Result "1-0"]
[WhiteElo "2091"]
[BlackElo "1929"]
[PlyCount "61"]
[EventDate "2007.??.??"]

1. e4 e5 2. Nf3 Nc6 3. Bc4 Nf6 4. d3 Be7 5. c3 d6 6. Nbd2 Na5 7. Bb5+ c6 8. Ba4
b5 9. Bc2 Bd7 10. O-O c5 11. h3 Nc6 12. Re1 O-O 13. Nf1 h6 14. Kh2 Re8 15. g4
Nh7 16. Ng3 Ng5 17. Nf5 Nxf3+ 18. Qxf3 Bf8 19. Rg1 g5 20. h4 f6 21. Rh1 Bxf5
22. Qxf5 Kg7 23. hxg5 fxg5 24. Bb3 Qf6 25. Kg2 Qxf5 26. exf5 Rab8 27. Bd5 Rec8
28. Bd2 b4 29. Rh5 Be7 30. Rah1 Bf8 31. Rxh6 1-0

[Event "7eme Open de Saint-Chely d'Aubrac"]
[Site "Saint-Chely d'Aubrac (12)"]
[Date "2007.07.20"]
[Round "8.7"]
[White "Carno, Matthias"]
[Black "Candy, Romain"]
[Result "0-1"]
[WhiteElo "1940"]
[BlackElo "2060"]
[PlyCount "34"]
[EventDate "2007.??.??"]

1. e4 c5 2. Nf3 d6 3. d4 cxd4 4. Nxd4 Nf6 5. Nc3 g6 6. Bc4 Bg7 7. f3 O-O 8. Be3
Nc6 9. Qd2 Bd7 10. O-O Rc8 11. Bb3 Na5 12. Rad1 Nc4 13. Bxc4 Rxc4 14. Bh6 Nxe4
15. fxe4 Rxd4 16. Qf4 Rxd1 17. Rxd1 Qb6+ 0-1

[Event "7eme Open de Saint-Chely d'Aubrac"]
[Site "Saint-Chely d'Aubrac (12)"]
[Date "2007.07.20"]
[Round "8.8"]
[White "Jester, Christian"]
[Black "Labarthe, Arnaud"]
[Result "1/2-1/2"]
[WhiteElo "1871"]
[BlackElo "1952"]
[PlyCount "90"]
[EventDate "2007.??.??"]

1. d4 d5 2. Nf3 Bg4 3. e3 Nd7 4. Be2 e6 5. O-O Bd6 6. Nbd2 Ngf6 7. c4 c6 8. b3
Ne4 9. Bb2 f5 10. Ne5 Bxe2 11. Qxe2 Bxe5 12. dxe5 Nxd2 13. Qxd2 dxc4 14. bxc4
Qc7 15. Rfd1 O-O-O 16. Qc3 Nc5 17. Qc2 Rxd1+ 18. Rxd1 Rd8 19. Bd4 Qa5 20. g3
Na4 21. Rc1 c5 22. Bc3 Nxc3 23. Qxc3 Qxc3 24. Rxc3 Rd2 25. a3 Kc7 26. Kf1 Kc6
27. Ke1 Rd7 28. Ke2 a6 29. Rd3 Rxd3 30. Kxd3 b5 31. cxb5+ axb5 32. e4 fxe4+ 33.
Kxe4 b4 34. axb4 cxb4 35. f4 g6 (35... Kc5 36. Kd3 (36. f5 exf5+ 37. Kxf5 b3
38. e6 b2 39. e7 b1=Q+) (36. g4 b3 37. Kd3 Kb4 38. f5 (38. Kd2 Ka3 39. Kc1 Ka2)
38... Ka3 $19) 36... Kd5 37. g4 g5 38. fxg5 Kxe5 39. Kc4 Kf4 40. Kxb4 Kxg4 41.
Kc4 Kxg5 42. Kd4 Kf4 $19) 36. Kd4 Kb5 37. g4 b3 38. Kc3 Kc5 39. Kxb3 Kd4 $2 (
39... Kd5 $1 40. Kb4 h6 (40... Ke4 $2 41. Kc5 $11) 41. h4 (41. h3 g5) 41... h5
42. g5 (42. gxh5 gxh5 43. Kb5 Ke4 44. Kc6 Kxf4 45. Kd6 Kf5) 42... Ke4 43. Kc5
Kxf4 44. Kd6 Kf5) 40. Kb4 Ke4 41. Kc5 g5 42. f5 Kxe5 43. fxe6 Kxe6 44. Kd4 Kd6
45. Ke4 Ke6 1/2-1/2

[Event "7eme Open de Saint-Chely d'Aubrac"]
[Site "Saint-Chely d'Aubrac (12)"]
[Date "2007.07.20"]
[Round "8.9"]
[White "Schmitt, Claude"]
[Black "Epstein, Raphael"]
[Result "1/2-1/2"]
[WhiteElo "1970"]
[BlackElo "1771"]
[PlyCount "33"]
[EventDate "2007.??.??"]

1. c4 c5 2. Nc3 Nf6 3. g3 d5 4. cxd5 Nxd5 5. Bg2 Nc7 6. Nf3 Nc6 7. d3 e6 8. O-O
Be7 9. Bd2 O-O 10. Rc1 Rb8 11. Ne4 b6 12. Bf4 Bb7 13. d4 Nb4 14. Nc3 Rc8 15.
Bxc7 Rxc7 16. a3 cxd4 17. Nb5 1/2-1/2

[Event "7eme Open de Saint-Chely d'Aubrac"]
[Site "Saint-Chely d'Aubrac (12)"]
[Date "2007.07.20"]
[Round "8.10"]
[White "Heudre, Dominique"]
[Black "Sidibe, Malika"]
[Result "1-0"]
[WhiteElo "1720"]
[BlackElo "1868"]
[PlyCount "73"]
[EventDate "2007.??.??"]

1. d4 Nf6 2. c4 e6 3. Nc3 Bb4 4. Bd2 d5 5. e3 O-O 6. Nf3 Nc6 7. a3 Bxc3 8. Bxc3
Ne4 9. Qc2 Nxc3 10. Qxc3 Re8 11. Be2 Qd6 12. Rd1 Nb8 13. c5 Qd8 14. O-O c6 15.
a4 b6 16. b4 Bb7 17. Rb1 Nd7 18. Rfc1 Rc8 19. Qb2 f6 20. b5 e5 21. Rc2 Re6 22.
Rbc1 Qe7 23. Bf1 bxc5 24. dxc5 cxb5 25. Bxb5 Rxc5 26. Bxd7 Rb6 27. Bb5 Rxc2 28.
Qxc2 a6 29. Bf1 Qb4 30. Qc5 a5 31. Bb5 Qxc5 32. Rxc5 Kf7 33. h4 h5 34. Kh2 Kg6
35. Be8+ Kf5 36. Rxa5 Rb4 37. Rb5 1-0

[Event "7eme Open de Saint-Chely d'Aubrac"]
[Site "Saint-Chely d'Aubrac (12)"]
[Date "2007.07.20"]
[Round "8.11"]
[White "Saucey, Capucine"]
[Black "Mourgues, Joelle"]
[Result "1-0"]
[WhiteElo "1629"]
[BlackElo "1798"]
[PlyCount "79"]
[EventDate "2007.??.??"]

1. e4 c5 2. Nf3 d6 3. d4 cxd4 4. Nxd4 Nf6 5. Nc3 a6 6. Bc4 e6 7. Bb3 Be7 8. Be3
O-O 9. Qe2 Qa5 10. O-O-O Bd7 11. g4 Nc6 12. g5 Nxd4 13. Bxd4 Qxg5+ 14. Be3 Qh5
15. f3 Rac8 16. Rdg1 Kh8 17. Rg5 Qh4 18. Rhg1 g6 19. Ra5 e5 20. Nd5 Nxd5 21.
Bxd5 Bb5 22. c4 Bc6 23. Kb1 f5 24. Be6 Rb8 25. exf5 gxf5 26. Qg2 Bf6 27. Qd2 f4
28. Bb6 Bd8 29. Qxd6 Bf6 30. Rxe5 Rbe8 31. Re2 Bxf3 32. Rf2 Be4+ 33. Ka1 f3 34.
Rg4 Bxb2+ 35. Kxb2 Qf6+ 36. Bd4 Rxe6 37. Bxf6+ Rexf6 38. Qe5 Bc6 39. Rf1 R8f7
40. Rfg1 1-0

[Event "7eme Open de Saint-Chely d'Aubrac"]
[Site "Saint-Chely d'Aubrac (12)"]
[Date "2007.07.20"]
[Round "8.12"]
[White "Luc, Rene"]
[Black "Boulier, Rene"]
[Result "1-0"]
[WhiteElo "1710"]
[BlackElo "1971"]
[PlyCount "79"]
[EventDate "2007.??.??"]

1. c4 Nf6 2. Nc3 g6 3. g3 Bg7 4. Bg2 O-O 5. Nf3 Nc6 6. O-O d6 7. d4 Bg4 8. e3
Qd7 9. Nd5 Nxd5 10. cxd5 Nb4 11. a3 Na6 12. Qd3 Bh3 13. e4 Bxg2 14. Kxg2 Rab8
15. Rb1 b5 16. b4 c6 17. dxc6 Qxc6 18. d5 Qb7 19. Bb2 Bh6 20. Qd4 f6 21. h4 Bg7
22. Ng5 Nc7 23. f3 Rfc8 24. Rfc1 h6 25. Nh3 Ne8 26. Qd3 a6 27. Nf4 Kf7 28. Ne6
Rxc1 29. Rxc1 Rc8 30. Qd2 g5 31. hxg5 hxg5 32. Rc6 Kg6 33. Qc1 Ra8 34. g4 Kf7
35. Qh1 Kg8 36. Qh5 Rc8 37. Qg6 Qd7 38. Nd4 Nc7 39. Nf5 e6 40. dxe6 1-0

[Event "7eme Open de Saint-Chely d'Aubrac"]
[Site "Saint-Chely d'Aubrac (12)"]
[Date "2007.07.20"]
[Round "8.13"]
[White "Rabier, Jean"]
[Black "Martinez, Loic"]
[Result "1-0"]
[WhiteElo "1930"]
[BlackElo "1880"]
[PlyCount "82"]
[EventDate "2007.??.??"]

1. e4 e5 2. Nf3 Nc6 3. Bb5 a6 4. Bxc6 dxc6 5. O-O Bg4 6. h3 Bxf3 7. Qxf3 Qd7 8.
d3 Bc5 9. Be3 Bd6 10. Qg3 f6 11. f4 O-O-O 12. f5 Kb8 13. Kh1 Qf7 14. Nd2 Ne7
15. Bg1 Nc8 16. Qf2 Rhg8 17. a3 g6 18. b4 Rg7 19. Nc4 Rdg8 20. Ne3 h5 21. c4 g5
22. g3 Qf8 23. Rfb1 Rd7 24. Rb3 Qd8 25. Qc2 Bf8 26. c5 g4 27. h4 Na7 28. a4 b6
29. Qc4 Bh6 30. Qxa6 Bf4 31. cxb6 cxb6 32. Nf1 Rb7 33. a5 Nc8 34. axb6 Nxb6 35.
Bxb6 Rxb6 36. Qc4 Rf8 37. Rba3 Kc7 38. Ra7+ Rb7 39. Rxb7+ Kxb7 40. b5 Qb6 41.
bxc6+ Qxc6 1-0

[Event "7eme Open de Saint-Chely d'Aubrac"]
[Site "Saint-Chely d'Aubrac (12)"]
[Date "2007.07.20"]
[Round "8.14"]
[White "Tournier, Jean-Pascal"]
[Black "Viennot, Dylan"]
[Result "1/2-1/2"]
[WhiteElo "1888"]
[BlackElo "1840"]
[PlyCount "33"]
[EventDate "2007.??.??"]

1. e4 c5 2. Nc3 Nc6 3. f4 e6 4. Nf3 Nge7 5. d4 cxd4 6. Nxd4 Nxd4 7. Qxd4 Nc6 8.
Qf2 Bb4 9. Bd3 O-O 10. O-O Ne7 11. f5 f6 12. Qg3 Kh8 13. Qh4 Qe8 14. Rf3 Qf7
15. Rh3 Qg8 16. Ne2 Bc5+ 17. Kh1 1/2-1/2

[Event "7eme Open de Saint-Chely d'Aubrac"]
[Site "Saint-Chely d'Aubrac (12)"]
[Date "2007.07.20"]
[Round "8.15"]
[White "Danzanvilliers, Patrice"]
[Black "De Biasi, Robert"]
[Result "1-0"]
[WhiteElo "1858"]
[BlackElo "1825"]
[PlyCount "53"]
[EventDate "2007.??.??"]

1. e4 c5 2. Nf3 d6 3. d4 cxd4 4. Nxd4 Nf6 5. Nc3 g6 6. Be3 Bg7 7. f3 O-O 8. Bc4
Nc6 9. Qd2 Bd7 10. O-O-O Rc8 11. Bb3 Ne5 12. h4 h5 13. Rhg1 Nc4 14. Bxc4 Rxc4
15. g4 Qa5 16. Kb1 Rfc8 17. gxh5 Nxh5 18. Rg5 Qb6 19. Nd5 Qd8 20. Rdg1 e5 21.
Rxh5 exd4 22. Bg5 f6 23. Bxf6 Bxf6 24. Rxg6+ Bg7 25. Qh6 Qf8 26. Rhg5 Kf7 27.
Rxg7+ 1-0

[Event "7eme Open de Saint-Chely d'Aubrac"]
[Site "Saint-Chely d'Aubrac (12)"]
[Date "2007.07.20"]
[Round "8.16"]
[White "Lemaire, Olivier"]
[Black "Cuq, Christian"]
[Result "1/2-1/2"]
[WhiteElo "1578"]
[BlackElo "1720"]
[PlyCount "58"]
[EventDate "2007.??.??"]

1. d4 d5 2. Nf3 Nf6 3. Bf4 Bg4 4. Nbd2 c6 5. c3 Nbd7 6. Qc2 e6 7. e3 c5 8. Bd3
c4 9. Be2 Be7 10. O-O O-O 11. e4 Bh5 12. e5 Bg6 13. Qd1 Ne4 14. Nxe4 Bxe4 15.
Nd2 Bg6 16. Bg3 f6 17. f4 fxe5 18. fxe5 Qb6 19. b4 a5 20. a3 axb4 21. axb4 Rxa1
22. Qxa1 Qa6 23. Qxa6 Rxf1+ 24. Kxf1 bxa6 25. Bd1 Nb6 26. Bf4 Be8 27. Ke1 Na4
28. Bxa4 Bxa4 29. Nf3 h6 1/2-1/2

[Event "7eme Open de Saint-Chely d'Aubrac"]
[Site "Saint-Chely d'Aubrac (12)"]
[Date "2007.07.20"]
[Round "8.17"]
[White "Desboeufs, Claude"]
[Black "Wavresky, Andre"]
[Result "0-1"]
[WhiteElo "1660"]
[BlackElo "1590"]
[PlyCount "114"]
[EventDate "2007.??.??"]

1. c4 Nf6 2. d4 e5 3. dxe5 Ng4 4. Nf3 Bc5 5. e3 Nc6 6. Be2 Ngxe5 7. Nxe5 Nxe5
8. O-O d6 9. Nd2 O-O 10. b3 a5 11. Bb2 Bf5 12. Nf3 Nxf3+ 13. Bxf3 c6 14. Qd2
Bb6 15. Rfd1 Bc7 16. Qd4 Qg5 17. e4 Bg4 18. Rd3 Bxf3 19. Rxf3 Qe5 20. Qd2 Qe7
21. Rg3 f6 22. f3 Rad8 23. Rh3 Qe6 24. Rd1 Rd7 25. Qf4 d5 26. Qf5 Qxf5 27. exf5
Rfd8 28. cxd5 Rxd5 29. Re1 Rd2 30. Bc3 Bb6+ 31. Kf1 Rf2+ 32. Kg1 Rc2+ 33. Kf1
Rxc3 34. Rh4 Re3 35. Rc1 Rd2 36. Re4 Rxe4 37. fxe4 Rf2+ 38. Ke1 Rxg2 39. Rc3
Kf7 40. Rd3 Ke7 41. Rh3 h6 42. Rg3 Rxg3 43. hxg3 Kd6 44. Ke2 Kc5 45. a3 Kd4 46.
Kf3 Kc3 47. b4 axb4 48. axb4 Kxb4 49. Kg4 Be3 50. Kh5 c5 51. Kg6 Bg5 52. Kxg7
c4 53. e5 fxe5 54. f6 Bxf6+ 55. Kxf6 c3 56. g4 c2 57. Kxe5 c1=Q 0-1

[Event "7eme Open de Saint-Chely d'Aubrac"]
[Site "Saint-Chely d'Aubrac (12)"]
[Date "2007.07.20"]
[Round "8.18"]
[White "Messinger, Karl"]
[Black "Le Picard, Christopher"]
[Result "1-0"]
[WhiteElo "1640"]
[BlackElo "1560"]
[PlyCount "49"]
[EventDate "2007.??.??"]

1. e4 e5 2. Nf3 Nc6 3. Bb5 Bc5 4. O-O Nge7 5. c3 a6 6. Ba4 b5 7. Bb3 d6 8. Re1
Bg4 9. Bxf7+ Kxf7 10. Ng5+ Ke8 11. Qxg4 h5 12. Qf3 Rf8 13. Qxf8+ Kxf8 14. Ne6+
Ke8 15. Nxd8 Nxd8 16. d3 Ne6 17. Be3 Ng6 18. g3 h4 19. Nd2 Ke7 20. Nb3 Bxe3 21.
Rxe3 Rf8 22. d4 Ng5 23. Rf1 Ke6 24. dxe5 Kxe5 25. f4+ 1-0

[Event "7eme Open de Saint-Chely d'Aubrac"]
[Site "Saint-Chely d'Aubrac (12)"]
[Date "2007.07.20"]
[Round "8.19"]
[White "Marie, Olivier"]
[Black "Gazel, Bruno"]
[Result "0-1"]
[WhiteElo "1550"]
[BlackElo "1630"]
[PlyCount "124"]
[EventDate "2007.??.??"]

1. d4 Nf6 2. c4 e6 3. Nc3 b6 4. Bg5 Bb7 5. Qb3 Be7 6. c5 O-O 7. e3 Nc6 8. cxb6
axb6 9. Nf3 Na5 10. Qd1 Ne4 11. Bxe7 Qxe7 12. Nxe4 Bxe4 13. Be2 Bd5 14. O-O Nc4
15. Qc2 Nd6 16. Ne1 Rfc8 17. Bd3 f5 18. b4 Qg5 19. f4 Qe7 20. a4 Ne4 21. Qb2
Rab8 22. Nf3 d6 23. Nd2 Nf6 24. h3 c5 25. b5 c4 26. Nxc4 Bxc4 27. Bxc4 Rxc4 28.
a5 bxa5 29. Rxa5 Rb6 30. Rfa1 Rc7 31. Qb3 d5 32. Ra8+ Kf7 33. Qd3 Rcb7 34. R8a5
Qd7 35. Rb1 Ne4 36. Kh2 Nd6 37. Qe2 g6 38. g4 Rxb5 39. Raxb5 Rxb5 40. Rc1 Rb2
41. Rc2 Rxc2 42. Qxc2 Nc4 43. gxf5 exf5 44. Qe2 Qe7 45. Qf3 Nxe3 46. Kg3 Qe6
47. Kf2 Nc4 48. Qb3 Kg7 49. Qb7+ Kh6 50. Qb3 Qe3+ 51. Qxe3 Nxe3 52. Kxe3 Kh5
53. Kf3 Kh4 54. Kg2 h6 55. Kh2 g5 56. fxg5 hxg5 57. Kg2 g4 58. hxg4 Kxg4 59.
Kf2 Kf4 60. Kg2 Ke4 61. Kg3 f4+ 62. Kg4 f3 0-1

[Event "7eme Open de Saint-Chely d'Aubrac"]
[Site "Saint-Chely d'Aubrac (12)"]
[Date "2007.07.20"]
[Round "8.20"]
[White "Veys, Vincent"]
[Black "Viennot, Kevin"]
[Result "0-1"]
[WhiteElo "1490"]
[BlackElo "1760"]
[PlyCount "112"]
[EventDate "2007.??.??"]

1. e4 c5 2. Nf3 e6 3. Bc4 a6 4. d4 cxd4 5. Nxd4 Qc7 6. Qd3 Nf6 7. O-O Nc6 8.
Be3 Ne5 9. Qe2 Qxc4 10. Qxc4 Nxc4 11. b3 Nxe3 12. fxe3 Nxe4 13. Rd1 Be7 14. Nd2
Nxd2 15. Rxd2 O-O 16. Rc1 d5 17. c4 Ba3 18. Rb1 dxc4 19. b4 c3 20. Rc2 Bb2 21.
Ne2 e5 22. Nxc3 Bxc3 23. Rxc3 Be6 24. a3 Rac8 25. Rxc8 Rxc8 26. a4 f6 27. a5
Rc3 28. Kf2 Bf5 29. Rd1 Rb3 30. Rd8+ Kf7 31. Rb8 Rxb4 32. Rd8 Rb5 33. Rb8 Be4
34. Rc8 Bc6 35. Rc7+ Kg6 36. h4 h5 37. Re7 Rxa5 38. Re6 Rd5 39. Re7 a5 40. Rc7
a4 41. Rc8 Ra5 42. Rd8 Rd5 43. Ra8 b5 44. Kf3 Rd8+ 45. e4 Bxe4+ 46. Kxe4 Rxa8
47. g3 a3 48. g4 Ra4+ 49. Kf3 hxg4+ 50. Kg3 a2 51. h5+ Kg5 52. h6 a1=R 53. h7
Ra8 54. h8=Q Rxh8 55. Kf2 Ra2+ 56. Kg3 Rh3# 0-1

[Event "7eme Open de Saint-Chely d'Aubrac"]
[Site "Saint-Chely d'Aubrac (12)"]
[Date "2007.07.20"]
[Round "8.21"]
[White "Jaafar, Nacer"]
[Black "Mayet, Lucas"]
[Result "0-1"]
[WhiteElo "1460"]
[BlackElo "1741"]
[PlyCount "106"]
[EventDate "2007.??.??"]

1. e4 c5 2. Nc3 d6 3. g3 Nc6 4. Bg2 Nf6 5. Nge2 g6 6. O-O Bg7 7. d3 O-O 8. Bg5
a6 9. h3 Bd7 10. Kh2 Qb6 11. Rb1 Rac8 12. f4 h6 13. Bxf6 exf6 14. Nd5 Qd8 15.
Nec3 b5 16. Ne3 Ne7 17. Ncd5 Nxd5 18. Nxd5 f5 19. Re1 Re8 20. exf5 Bxf5 21.
Rxe8+ Qxe8 22. Qe1 Be6 23. b3 Qd8 24. c4 Kf8 25. Rd1 b4 26. Qh1 Qa5 27. Rd2 Re8
28. Be4 Bxd5 29. cxd5 Bc3 30. Rc2 f5 31. Bg2 Re1 32. Bf1 Qa3 33. Qg2 Rc1 34.
Rxc1 Qxc1 35. Qe2 Qd2 36. Qxd2 Bxd2 37. Kg2 Bc3 38. Be2 Kf7 39. Kf3 Kf6 40. g4
g5 41. Kg3 Bd2 42. fxg5+ hxg5 43. gxf5 Kxf5 44. d4 cxd4 45. Bxa6 Ke4 46. Bc4 d3
47. Kf2 Be3+ 48. Ke1 Kd4 49. Kd1 d2 50. Kc2 Ke4 51. Kd1 Kf4 52. Kc2 Kf3 53. Kd1
Kg2 0-1

[Event "7eme Open de Saint-Chely d'Aubrac"]
[Site "Saint-Chely d'Aubrac (12)"]
[Date "2007.07.20"]
[Round "8.22"]
[White "Saucey, Milena"]
[Black "Manser, Luca"]
[Result "0-1"]
[WhiteElo "1380"]
[BlackElo "1590"]
[PlyCount "72"]
[EventDate "2007.??.??"]

1. e4 c5 2. Nf3 Nc6 3. d4 cxd4 4. Nxd4 g6 5. Nc3 Bg7 6. Be3 Nf6 7. Nxc6 bxc6 8.
Qd2 d5 9. O-O-O e6 10. Bg5 Qd6 11. f4 Qb4 12. Bxf6 Bxf6 13. e5 Bg7 14. Qd4 a5
15. a3 Qxd4 16. Rxd4 f6 17. exf6 Bxf6 18. Rd3 O-O 19. g3 c5 20. Bg2 Bb7 21. Nb5
Ba6 22. a4 Bxb5 23. axb5 Rab8 24. b3 Rxb5 25. Bh3 Re8 26. Bf1 Rb7 27. Bg2 Rc7
28. c4 dxc4 29. bxc4 Rb8 30. Ra3 Bb2+ 31. Kb1 Bxa3+ 32. Ka2 Bb4 33. Kb3 Ra7 34.
Ka4 Bc3 35. Rc1 Rb4+ 36. Ka3 Bb2+ 0-1

[Event "7eme Open de Saint-Chely d'Aubrac"]
[Site "Saint-Chely d'Aubrac (12)"]
[Date "2007.07.20"]
[Round "8.23"]
[White "Tassetti, Florent"]
[Black "Schneider, Alec"]
[Result "1/2-1/2"]
[WhiteElo "1560"]
[BlackElo "1199"]
[PlyCount "54"]
[EventDate "2007.??.??"]

1. Nf3 Nf6 2. g3 g6 3. Bg2 Bg7 4. O-O O-O 5. d3 d6 6. Nbd2 e5 7. e4 Nc6 8. c3
Bg4 9. h3 Be6 10. d4 exd4 11. cxd4 d5 12. e5 Nd7 13. Nb3 Nb6 14. Nc5 Rb8 15.
Bg5 Qc8 16. b3 Bxh3 17. Nh2 Bxg2 18. Kxg2 f6 19. exf6 Bxf6 20. Nf3 Bxg5 21.
Nxg5 Re8 22. Rh1 Re7 23. Qb1 Qg4 24. Nge6 Rxe6 25. Nxe6 Qxe6 26. Qd1 Qe4+ 27.
Kh2 Qxd4 1/2-1/2

[Event "7eme Open de Saint-Chely d'Aubrac"]
[Site "Saint-Chely d'Aubrac (12)"]
[Date "2007.07.20"]
[Round "8.25"]
[White "Ruetsch, Johan"]
[Black "Vernet, Pierrick"]
[Result "1-0"]
[WhiteElo "1590"]
[BlackElo "1199"]
[PlyCount "59"]
[EventDate "2007.??.??"]

1. e4 e5 2. Nf3 Nc6 3. Bb5 a6 4. Ba4 b5 5. Bb3 Nf6 6. d3 h6 7. O-O Bc5 8. Re1
O-O 9. Nbd2 d6 10. h3 a5 11. a4 Qe8 12. axb5 Ne7 13. Ba4 Ng6 14. b6 Qd8 15.
bxc7 Qxc7 16. Nf1 Be6 17. Ng3 Rab8 18. c3 d5 19. exd5 Bxd5 20. Nxe5 Nxe5 21. d4
Bd6 22. dxe5 Bxe5 23. Qd3 Qd6 24. Bb5 Nh5 25. Nxh5 Bh2+ 26. Kh1 Rbe8 27. Qd2
Rb8 28. Bd3 g6 29. Nf6+ Kh8 30. Qxh6# 1-0

[Event "7eme Open de Saint-Chely d'Aubrac"]
[Site "Saint-Chely d'Aubrac (12)"]
[Date "2007.07.20"]
[Round "8.26"]
[White "Meyer, Bernard"]
[Black "Carrie, Emilien"]
[Result "1-0"]
[WhiteElo "1410"]
[BlackElo "1240"]
[PlyCount "55"]
[EventDate "2007.??.??"]

1. e4 e5 2. Nf3 Nc6 3. Bb5 Nf6 4. Nc3 Bb4 5. d3 d6 6. h3 Bd7 7. Bg5 h6 8. Bxf6
Qxf6 9. O-O a6 10. Nd5 Qd8 11. Bxc6 bxc6 12. Nxb4 O-O 13. a3 a5 14. Na2 c5 15.
Nc3 Rb8 16. b3 Qf6 17. Nd5 Qd8 18. Re1 c6 19. Ne3 Be6 20. a4 d5 21. Nf5 Kh7 22.
Nxe5 Rc8 23. Rb1 d4 24. Qd2 Qf6 25. Ng4 Qd8 26. Ngxh6 gxh6 27. Qxh6+ Kg8 28.
Qg7# 1-0

[Event "7eme Open de Saint-Chely d'Aubrac"]
[Site "Saint-Chely d'Aubrac (12)"]
[Date "2007.07.21"]
[Round "9.1"]
[White "Degraeve, Jean-Marc"]
[Black "Chamba, Antoine"]
[Result "1-0"]
[WhiteElo "2520"]
[BlackElo "2091"]
[PlyCount "95"]
[EventDate "2007.??.??"]

1. e4 e5 2. Nf3 Nc6 3. Bc4 Bc5 4. c3 Nf6 5. d3 d6 6. Nbd2 O-O 7. O-O Bg4 8. h3
Bh5 9. Re1 Bb6 10. Nf1 Qd7 11. Bg5 Ne8 12. Nxe5 Nxe5 13. Qxh5 Nxc4 14. dxc4 Qe6
15. Qe2 Nf6 16. Ng3 Rfe8 17. Qf3 Nd7 18. b3 Ne5 19. Qd1 Ng6 20. Be3 Qf6 21. Bd4
Qg5 22. Qg4 Qxg4 23. hxg4 Ne5 24. f3 Nc6 25. Bf2 Ba5 26. Rac1 Ne5 27. Red1 Bb6
28. Bd4 f6 29. Nf5 Ng6 30. Kf1 Kf7 31. g3 Ne5 32. Kg2 h6 33. Ne3 Rac8 34. Nd5
Ba5 35. Bxe5 Rxe5 36. b4 Bb6 37. a4 a6 38. Nxb6 cxb6 39. Rxd6 Rxc4 40. Rxb6 Re7
41. Kf2 a5 42. bxa5 Rxa4 43. Rcb1 Rc4 44. Rxb7 Rxc3 45. Rxe7+ Kxe7 46. Rb7+ Kf8
47. a6 Ra3 48. a7 1-0

[Event "7eme Open de Saint-Chely d'Aubrac"]
[Site "Saint-Chely d'Aubrac (12)"]
[Date "2007.07.21"]
[Round "9.2"]
[White "Deschler, Fabrice"]
[Black "Riff, Jean-Noel"]
[Result "0-1"]
[WhiteElo "2151"]
[BlackElo "2460"]
[PlyCount "62"]
[EventDate "2007.??.??"]

1. d4 Nf6 2. c4 e6 3. g3 d5 4. Bg2 dxc4 5. Nf3 Nc6 6. Qa4 Bb4+ 7. Bd2 Nd5 8.
Bxb4 Ndxb4 9. a3 b5 10. Qd1 Nd5 11. O-O Rb8 12. Nc3 O-O 13. Qc2 Qe7 14. e4 Nxc3
15. Qxc3 Nd8 16. b3 cxb3 17. Rfc1 c5 18. dxc5 Nc6 19. Nd2 e5 20. Nxb3 Be6 21.
Na5 Nd4 22. Bf1 Rfc8 23. c6 Qc7 24. Rab1 Rb6 25. Qb4 Ra6 26. Nb7 Nxc6 27. Nd6
Nxb4 28. Rxc7 Rxc7 29. Nxb5 Rb7 30. axb4 Rab6 31. Rd1 h6 0-1

[Event "7eme Open de Saint-Chely d'Aubrac"]
[Site "Saint-Chely d'Aubrac (12)"]
[Date "2007.07.21"]
[Round "9.3"]
[White "Candy, Romain"]
[Black "Bonneville, Jean-Paul"]
[Result "0-1"]
[WhiteElo "2060"]
[BlackElo "2048"]
[PlyCount "64"]
[EventDate "2007.??.??"]

1. e4 c5 2. Nf3 d6 3. d4 cxd4 4. Nxd4 Nf6 5. Nc3 a6 6. Be3 e6 7. Be2 Be7 8. O-O
O-O 9. f4 Nc6 10. Bf3 Qc7 11. Nb3 b5 12. g4 Nd7 13. Qe1 Bb7 14. g5 Nb6 15. Bg2
Nc4 16. Bc1 f6 17. h4 Rae8 18. Qg3 Qb6+ 19. Kh1 Nb4 20. Rf2 fxg5 21. hxg5 Bxg5
22. Nd1 Bd8 23. c3 Nc6 24. Ne3 Rf6 25. Nxc4 Rh6+ 26. Kg1 bxc4 27. Be3 Qb5 28.
f5 Bh4 29. Qg4 Bxf2+ 30. Kxf2 exf5 31. exf5 Ne5 32. Qg3 Rh2 0-1

[Event "7eme Open de Saint-Chely d'Aubrac"]
[Site "Saint-Chely d'Aubrac (12)"]
[Date "2007.07.21"]
[Round "9.4"]
[White "Saucey, Michel"]
[Black "Nass, Emile"]
[Result "1-0"]
[WhiteElo "2347"]
[BlackElo "2095"]
[PlyCount "89"]
[EventDate "2007.??.??"]

1. d4 d5 2. Nf3 Nc6 3. c4 Bg4 4. Nc3 dxc4 5. d5 Bxf3 6. exf3 Ne5 7. Bf4 Ng6 8.
Bxc4 Nf6 (8... Nxf4 9. Bb5+) 9. Bg3 a6 10. f4 e6 11. dxe6 Qxd1+ 12. Rxd1 fxe6
13. Bxe6 Bd6 14. f5 Bxg3 15. hxg3 Nf8 16. Bb3 N8d7 17. O-O O-O-O 18. Be6 Kb8
19. Bxd7 Nxd7 20. Rfe1 Nf6 21. f3 Rxd1 22. Rxd1 Re8 23. Kf2 c5 24. g4 h6 25.
Kg3 Kc7 26. Kf4 Kc6 27. g5 hxg5+ 28. Kxg5 b5 29. g4 b4 30. Ne4 Nxe4+ 31. fxe4
Rxe4 32. Rg1 c4 33. Kg6 Re7 34. g5 Kc5 35. f6 gxf6 36. Kxf6 Rd7 37. g6 c3 38.
bxc3 bxc3 39. g7 Rxg7 40. Rxg7 Kd4 41. Rc7 Kd3 42. Ke5 c2 43. a4 a5 44. Kd5 Kd2
45. Rc5 1-0

[Event "7eme Open de Saint-Chely d'Aubrac"]
[Site "Saint-Chely d'Aubrac (12)"]
[Date "2007.07.21"]
[Round "9.5"]
[White "Desboeufs, Alexandre"]
[Black "Saucey, Capucine"]
[Result "1-0"]
[WhiteElo "2065"]
[BlackElo "1629"]
[PlyCount "131"]
[EventDate "2007.??.??"]

1. e4 e5 2. f4 d5 3. exd5 Qxd5 4. Nc3 Qe6 5. fxe5 Qxe5+ 6. Qe2 Qxe2+ 7. Bxe2
Bd7 8. Nf3 Nc6 9. O-O Bc5+ 10. Kh1 Nf6 11. Na4 Bd6 12. Nc3 O-O-O 13. Bc4 Rhf8
14. d3 Ne5 15. Nxe5 Bxe5 16. Bf4 Bxf4 17. Rxf4 Rde8 18. h3 Be6 19. Raf1 Bxc4
20. Rxc4 Re7 21. Nb5 Kb8 22. Nd4 Re5 23. Rf2 Nd5 24. Rc5 Re1+ 25. Kh2 c6 26.
Nf3 Re7 27. g4 h6 28. Nd4 Rd7 29. Nf5 f6 30. Rc4 Re8 31. Ng3 Nb6 32. Re4 Rxe4
33. Nxe4 Kc7 34. Kg3 Re7 35. Kh4 Nd7 36. Kh5 Nf8 37. Kh4 Ng6+ 38. Kg3 Re5 39.
h4 Ne7 40. h5 Kd7 41. b4 b6 42. Nd2 Re3+ 43. Kg2 Nd5 44. Nf1 Re5 45. Ng3 Ke8
46. a3 Ne3+ 47. Kf3 Nd5 48. Nf5 Kf8 49. c4 Nc7 50. Nd4 c5 51. Nc6 Re6 52. Nxa7
cxb4 53. axb4 Rd6 54. Rd2 Na6 55. b5 Nc5 56. Nc8 Rxd3+ 57. Rxd3 Nxd3 58. Nxb6
Ke8 59. Ke4 Ne5 60. Kf5 Kd8 61. c5 Nd3 62. c6 Kc7 63. Nd5+ Kd8 64. c7+ Kd7 65.
b6 Nc5 66. Ne7 1-0

[Event "7eme Open de Saint-Chely d'Aubrac"]
[Site "Saint-Chely d'Aubrac (12)"]
[Date "2007.07.21"]
[Round "9.6"]
[White "Baeumlin, Francois"]
[Black "Lemaire, Matthieu"]
[Result "1/2-1/2"]
[WhiteElo "2018"]
[BlackElo "1934"]
[PlyCount "64"]
[EventDate "2007.??.??"]

1. e4 e5 2. Nf3 Nc6 3. Bb5 a6 4. Bxc6 dxc6 5. O-O Ne7 6. d4 exd4 7. Nxd4 c5 8.
Ne2 Qxd1 9. Rxd1 Bd7 10. Nbc3 O-O-O 11. Be3 Ng6 12. f4 f6 13. Rd5 Bc6 14. Rxd8+
Kxd8 15. Rd1+ Kc8 16. Ng3 b6 17. Kf2 Ne7 18. Nd5 Nxd5 19. exd5 Bd7 20. h3 g6
21. Bd2 Bd6 22. Ne4 Rf8 23. Re1 Kd8 24. g4 f5 25. Nxd6 cxd6 26. g5 Re8 27. Bc3
Rxe1 28. Kxe1 Bb5 29. Bf6+ Kc7 30. b3 Be8 31. Kd2 Bf7 32. c4 Be8 1/2-1/2

[Event "7eme Open de Saint-Chely d'Aubrac"]
[Site "Saint-Chely d'Aubrac (12)"]
[Date "2007.07.21"]
[Round "9.7"]
[White "Labarthe, Arnaud"]
[Black "Heudre, Dominique"]
[Result "1-0"]
[WhiteElo "1952"]
[BlackElo "1720"]
[PlyCount "75"]
[EventDate "2007.??.??"]

1. d4 Nf6 2. c4 g6 3. Nc3 Bg7 4. e4 d6 5. f4 O-O 6. Nf3 Bg4 7. Be2 c6 8. O-O
Qc7 9. h3 Bxf3 10. Rxf3 e6 11. Be3 a6 12. Rc1 c5 13. dxc5 dxc5 14. e5 Nfd7 15.
Ne4 b6 16. Qc2 Nc6 17. Rd1 Rad8 18. g4 Nd4 19. Bxd4 cxd4 20. g5 Kh8 21. b4 a5
22. a3 axb4 23. axb4 Rfe8 24. Nd6 Re7 25. Qe4 Nb8 26. Qxd4 Nc6 27. Qd2 Bxe5 28.
fxe5 Nxe5 29. Qc3 f6 30. gxf6 Nxf3+ 31. Bxf3 e5 32. fxe7 Qxe7 33. Nf7+ Kg8 34.
Rxd8+ Kxf7 35. Bd5+ Kg7 36. Rg8+ Kh6 37. Qe3+ g5 38. h4 1-0